000 00261nam a22001097a 4500
008 170126b xxu||||| |||| 00| 0 eng d
020 _a9781555612801
041 _aeng
080 _a61
245 _aTYPE II DIABETES AND YOUR HEALTH
_cFISHER, H.V
942 _2udc
_cBK
999 _c3774
_d3774